Les Gryffondors dans Harry Potter - Statistiques

Statistiques générales
  • Ce quiz a été pris 117 fois
    99 depuis la dernière actualisation
  • Le résultat moyen est 29 sur 34
Statistiques - réponses
Personnages % Correct
16 Ginny Weasley
100%
1 Harry Potter
100%
3 Hermione Granger
100%
9 James Potter
100%
2 Ron Weasley
100%
15 Arthur Weasley
99%
12 Fred Weasley
99%
13 George Weasley
99%
10 Lily Evans
99%
5 Minerva McGonagall
99%
14 Molly Weasley
99%
4 Albus Dumbledore
98%
30 Bill Weasley
96%
29 Charlie Weasley
96%
28 Percy Weasley
96%
7 Sirius Black
95%
19 Dean Thomas
93%
20 Seamus Finnigan
93%
17 Neville Londubat
91%
8 Remus Lupin
89%
11 Peter Pettigrow
84%
6 Rubeus Hagrid
84%
18 Lavande Brown
83%
23 Parvati Patil
81%
24 Angelina Johnson
74%
26 Katie Bell
73%
21 Lee Jordan
69%
22 Olivier Dubois
69%
32 Dennis Crivey
64%
27 Cormac McLaggen
60%
31 Colin Crivey
59%
25 Alicia Spinnet
58%
34 Godric Gryffondor
54%
33 Romilda Vane
32%
Aucun quiz correspondant
Distribution des résultats
% des personnes avec chaque résultat
Percentile par nombre de réponses
Votre historique - résultats
Vous n’avez pas pris ce quiz depuis la dernière actualisation